Top 36 popularité personnages Dr.Stone - Statistiques

Statistiques générales
  • Ce quiz a été pris 102 fois
  • Le résultat moyen est 19 sur 36
Statistiques - réponses
Place Personnages % Correct
27 Mecha Senku
99%
2 Senku Ishigami
99%
1 Gen Asagiri
90%
7 Chrome
88%
11 Taiju Oki
85%
5 Tsukasa Shishio
84%
6 Kohaku
79%
12 Suika
79%
15 Ginro
74%
13 Kinro
71%
19 Yuzuriha Ogawa
71%
22 Magma
68%
10 Hyoga
63%
28 Ruri
63%
9 Xeno Houston Wingfield
63%
3 Ryusui Nanami
62%
21 Kaseki
58%
4 Ukyo Saionji
56%
14 Francois
52%
8 Stanley Snyder
52%
16 Byakuya Ishigami
49%
30 Homura Momiji
47%
23 Nikki Hanada
45%
26 Yo Uei
45%
24 Luna Wright
38%
18 Moz
38%
29 Kirisame
37%
32 Lillian Weinberg
27%
25 Matsukaze
27%
31 Minami Hokutozai
27%
33 Mirai Shishio
23%
20 Chelsea Childe
19%
36 Amaryllis
18%
17 Joel Gear
18%
35 Jasper
15%
34 Shamil Volkov
14%
Aucun quiz correspondant
Distribution des résultats
% des personnes avec chaque résultat
Percentile par nombre de réponses
Votre historique - résultats
Vous n’avez pas pris ce quiz